[Event "43. India ch"]
[Site "Visakhapatnam IND"]
[Date "2006.04.16"]
[Round "20.7"]
[White "Himanshu, Sharma"]
[Black "Sundararajan, Kidambi"]
[Result "1/2-1/2"]
[WhiteElo "2411"]
[BlackElo "2495"]
[PlyCount "85"]
[EventDate "2006.04.03"]
[EventType "tourn"]
[EventRounds "21"]
[EventCountry "IND"]
[Source "lmi"]
[SourceDate "2006.04.17"]

1. Nf3 Nf6 2. g3 d5 3. Bg2 g6 4. O-O Bg7 5. d3 O-O 6. c3 b6 7. Re1 Bb7 8. Qc2
Nbd7 9. Nbd2 e5 10. e4 dxe4 11. dxe4 Re8 12. Nb3 a5 13. Bg5 a4 14. Nc1 Nc5 15.
Nd2 Ne6 16. Be3 Ng4 17. Nf1 Nxe3 18. Nxe3 c6 19. Nd3 Qc7 20. Rad1 Red8 21. h4
b5 22. a3 Qe7 23. Qe2 Rd6 24. Nb4 Rad8 25. Rxd6 Rxd6 26. Rd1 Nc5 27. Rxd6 Qxd6
28. Qd1 Qxd1+ 29. Nxd1 Kf8 30. f3 f5 31. exf5 gxf5 32. Bh3 f4 33. gxf4 exf4 34.
Bf5 h6 35. Nf2 Ke7 36. Nfd3 Nxd3 37. Nxd3 Kd6 38. Be4 Bf6 39. h5 Bg5 40. Kf2
Bc8 41. Ke2 Be6 42. Bg6 Bc4 43. Be8 1/2-1/2

[Event "43. India ch"]
[Site "Visakhapatnam IND"]
[Date "2006.04.16"]
[Round "20.8"]
[White "Ravi, Lanka"]
[Black "Koneru, Humpy"]
[Result "1/2-1/2"]
[WhiteElo "2423"]
[BlackElo "2537"]
[PlyCount "24"]
[EventDate "2006.04.03"]
[EventType "tourn"]
[EventRounds "21"]
[EventCountry "IND"]
[Source "lmi"]
[SourceDate "2006.04.17"]

1. d4 Nf6 2. Nf3 c5 3. d5 b5 4. Bg5 Qb6 5. Nc3 b4 6. Na4 Qa5 7. Bxf6 exf6 8. b3
d6 9. Qd2 Be7 10. a3 Na6 11. e3 O-O 12. Bc4 f5 1/2-1/2

[Event "43. India ch"]
[Site "Visakhapatnam IND"]
[Date "2006.04.16"]
[Round "20.9"]
[White "Girinath, PDS."]
[Black "Thejkumar, MS."]
[Result "0-1"]
[WhiteElo "2350"]
[BlackElo "2384"]
[PlyCount "152"]
[EventDate "2006.04.03"]
[EventType "tourn"]
[EventRounds "21"]
[EventCountry "IND"]
[Source "lmi"]
[SourceDate "2006.04.17"]

1. e4 c6 2. d4 d5 3. exd5 cxd5 4. Bd3 Nc6 5. c3 Qc7 6. h3 e5 7. dxe5 Nxe5 8.
Bc2 Nf6 9. Nf3 Bd6 10. Nbd2 Ng6 11. Nb3 O-O 12. O-O Nf4 13. Nbd4 Bd7 14. Nf5
Bc5 15. N3d4 Bxf5 16. Nxf5 Rfe8 17. Be3 Bxe3 18. fxe3 Ng6 19. Qd4 Qe5 20. Rad1
Re6 21. Bb3 Qxd4 22. exd4 a5 23. Rde1 a4 24. Bc2 a3 25. bxa3 Rc8 26. Rxe6 fxe6
27. Nd6 Rxc3 28. Bxg6 hxg6 29. Nxb7 Rxa3 30. Nc5 Kf7 31. Rb1 Nh5 32. Rf1+ Ke7
33. Rf2 g5 34. Kh2 Nf4 35. Rd2 Nh5 36. Rb2 Nf4 37. Rd2 Ra5 38. g3 Ng6 39. Re2
e5 40. Nb3 Ra4 41. dxe5 d4 42. Nc5 Ra3 43. Kg2 d3 44. Rd2 Nxe5 45. Kf2 Kd6 46.
Ne4+ Kd5 47. Nxg5 Nc4 48. Rd1 Rxa2+ 49. Kf3 Kd4 50. Ne6+ Kc3 51. Nc5 d2 52. Ke2
Ra7 53. Ne4+ Kc2 54. Nxd2 Re7+ 55. Kf2 Nxd2 56. Ra1 Kd3 57. Ra3+ Kd4 58. Ra4+
Ke5 59. h4 Ne4+ 60. Kf3 Nf6 61. Ra5+ Ke6 62. g4 Rb7 63. Ra6+ Kf7 64. Ra4 Rb3+
65. Kf4 Kg6 66. h5+ Kh7 67. Kg5 Rb5+ 68. Kh4 Rb1 69. Rd4 Rg1 70. Kg5 Rh1 71.
Ra4 Rb1 72. Rd4 Rb5+ 73. Kh4 Kh6 74. Ra4 Rg5 75. Kh3 Re5 76. Kh4 Re4 0-1

[Event "43. India ch"]
[Site "Visakhapatnam IND"]
[Date "2006.04.16"]
[Round "20.10"]
[White "Kamble, Vikramaditya"]
[Black "Sandipan, Chanda"]
[Result "0-1"]
[WhiteElo "2403"]
[BlackElo "2522"]
[PlyCount "146"]
[EventDate "2006.04.03"]
[EventType "tourn"]
[EventRounds "21"]
[EventCountry "IND"]
[Source "lmi"]
[SourceDate "2006.04.17"]

1. Nf3 Nf6 2. c4 e6 3. Nc3 Bb4 4. Qc2 O-O 5. a3 Bxc3 6. Qxc3 b6 7. e3 Bb7 8.
Be2 c5 9. b4 d6 10. Bb2 Nc6 11. O-O Rc8 12. d4 cxd4 13. Nxd4 Ne4 14. Qc2 Nxd4
15. Bxd4 Qg5 16. f4 Qe7 17. Qb2 f6 18. Rac1 Rc7 19. Bd3 Qe8 20. Qe2 Qg6 21. Bb2
Re8 22. Rfd1 Rd8 23. Bb1 Qf7 24. Rd4 f5 25. Bxe4 Bxe4 26. c5 bxc5 27. bxc5 Bd5
28. cxd6 Rxc1+ 29. Bxc1 Rxd6 30. Rd2 h6 31. h3 Kh7 32. Kh2 Qd7 33. Bb2 Qa4 34.
Qd3 Rc6 35. Qd4 Qxd4 36. Bxd4 a5 37. Kg1 Rc1+ 38. Kf2 g5 39. Rb2 Kg6 40. Be5
Kh5 41. Kg3 Rd1 42. Kf2 g4 43. Bc3 a4 44. Rd2 Rc1 45. Bb2 Rb1 46. Kg3 gxh3 47.
Kxh3 Kg6 48. Kg3 h5 49. Rc2 Rd1 50. Bd4 Rd3 51. Rc7 Rd2 52. Kh4 Rxg2 53. Rg7+
Kh6 54. Rf7 Rd2 55. Rf6+ Kh7 56. Kxh5 Rh2+ 57. Kg5 Rg2+ 58. Kh4 Kg8 59. Rh6
Rg4+ 60. Kh5 e5 61. Rd6 Bf7+ 62. Kh6 exd4 63. Rd8+ Be8 64. Rxe8+ Kf7 65. Re5
Kf6 66. Kh7 dxe3 67. Rxe3 Rh4+ 68. Kg8 Rxf4 69. Rc3 Re4 70. Rc6+ Kg5 71. Kf7 f4
72. Rg6+ Kf5 73. Ra6 f3 0-1